书目信息 |
| 题名: |
米开朗基罗
|
|
| 作者: | 米开朗基罗 , Michelangelo 绘 | |
| 分册: | ||
| 出版信息: | 北京 人民美术出版社 1978 |
|
| 页数: | 33幅 | |
| 开本: | 26cm | |
| 丛书名: | ||
| 单 册: | ||
| 中图分类: | J154.61 , J333 | |
| 科图分类: | ||
| 主题词: | 美术--作品--意大利--近代 , 雕塑--世界 , 雕塑--各国 | |
| 电子资源: | ||
| ISBN: | ||
| 000 | 00762nam0 2200289 45 | |
| 001 | 0178000515 | |
| 005 | 20040521090910.4 | |
| 010 | @dCNY0.42 | |
| 091 | @a8027.6880 | |
| 100 | @a19950724d1978 em y0chiy0121 ea | |
| 101 | 0 | @achi |
| 102 | @aCN@b110000 | |
| 105 | @aa z 000yy | |
| 106 | @ar | |
| 200 | 1 | @a米开朗基罗@Ami kai lang ji luo@f(意)米开朗基罗(B.Michelangelo)绘 |
| 210 | @a北京@c人民美术出版社@d1978 | |
| 215 | @a33幅@d26cm | |
| 300 | @a外国美术介绍 | |
| 606 | 0 | @a美术@x作品@y意大利@z近代 |
| 606 | 0 | @a雕塑@x世界 |
| 606 | 0 | @a雕塑@y各国 |
| 690 | @aJ154.61@v3 | |
| 690 | @aJ333 | |
| 701 | 0 | @a米开朗基罗@Ami kai lang ji luo@bB.@4绘 |
| 701 | 0 | @aMichelangelo@bB.@4绘 |
| 801 | @aCN@bNLC@c20040521 | |
| 905 | @f2@b2672-673@dJ333@e1 | |
| 米开朗基罗/(意)米开朗基罗(B.Michelangelo)绘.-北京:人民美术出版社,1978 |
| 33幅;26cm |
| 外国美术介绍 |
| ISBN :CNY0.42 |
| ● |
| 相关链接 |
|
|
|
|
正题名:米开朗基罗
索取号:J333/1
 
预约/预借
| 序号 | 登录号 | 条形码 | 馆藏地/架位号 | 状态 | 备注 |
| 1 | 0002672 | 001210807 | 第一借阅区/ [索取号:J333/1] | 在馆 |